00461nam a2200121Ia 4500008004100000082001700041100001400058245007700072260003000149365000600179630007700185730007700262100415s9999 xx 000 0 und d b2378a595.78 aTALBOT, G aA Monograph of the Pierine Genus Delias: Accn.No. 2378 Part II p.57-108 aLONDONc0bJOHN BALE SONS b0 aA Monograph of the Pierine Genus Delias: Accn.No. 2378 Part II p.57-108 aA Monograph of the Pierine Genus Delias: Accn.No. 2378 Part II p.57-108